000 00661nam a2200289Ia 4500
005 20260324144605.0
008 008 260324s9999 xx 000 0 eng d
020 _a9780203140253
037 _aEBOOK
040 _aCRL
040 _beng
040 _cCRL
041 _2eng
041 _aeng
084 _qCRL
100 _aPeter Abbs
_91193039
245 0 _aLiving Powers(RLE Edu K)
245 4 _bThe Arts in Education
260 _bTaylor and Francis
260 _c1987
365 _a
365 _b240
856 _uhttp://www.taylorfrancis.com/books/9780203140253
942 _cEBOOK
999 _c1826678
_d1826678